The Top 50 Greatest Rappers of All Time - Statistics

General Stats
  • This quiz has been taken 536 times
  • The average score is 27 of 50
Answer Stats
Rank Most Popular Song Rapper % Correct
3 Lose Yourself Eminem
96%
14 In Da Club 50 Cent
93%
16 God's Plan Drake
93%
8 Drop It Like It's Hot ft. Pharrell Williams Snoop Dogg
92%
1 California Love ft. Dr. Dre Tupac
92%
10 Gold Digger ft. Jamie Foxx Kanye West
91%
2 Big Poppa The Notorious B.I.G.
90%
4 Humble Kendrick Lamar
89%
25 Sad! XXXTENTACION
86%
7 It Was a Good Day Ice Cube
85%
6 Nuthin' but a 'G' Thang ft. Snoop Dogg Dr. Dre
84%
9 Umbrella ft. Rihanna JAY-Z
84%
22 Sicko Mode ft. Drake Travis Scott
81%
29 Lucid Dreams Juice Wrld
79%
12 Lollipop Lil Wayne
76%
5 N.Y. State of Mind Nas
72%
33 Mask Off Future
70%
38 XO TOUR Llif3 Lil Uzi Vert
68%
24 EARFQUAKE Tyler the Creator
66%
20 This is America Childish Gambino
64%
11 Middle Child J. Cole
63%
13 Hey Ya! (OutKast) Andre 3000
62%
31 See You Again ft. Charlie Puth Wiz Khalifa
62%
18 Praise The Lord ft. Skepta Asap Rocky
58%
21 Day 'N' Nite Kid Cudi
58%
40 Bank Account 21 Savage
57%
17 X Gon' Give It To Ya DMX
57%
15 Boyz-n-the-Hood Eazy-E
55%
27 1-800-273-8255 ft. Alessia Cara & Khalid Logic
53%
19 Doomsday MF Doom
50%
41 Runaway with Kanye West Pusha T
38%
39 Hate It Or Love It ft. 50 Cent The Game
31%
36 Ultimate Denzel Curry
29%
26 C.R.E.A.M. (Wu-Tang Clan) Ghostface Killah
29%
35 The Spins Mac Miller
29%
34 Da Rockwilder ft. Redman Method Man
29%
50 Faucet Failure Ski Mask The Slump God
29%
48 Dillema ft. Kelly Rowland Nelly
28%
44 Going Bad ft. Drake Meek Mill
27%
49 I Ain't No Joke with Eric B. Rakim
27%
37 I Don't Fuck With You ft. E-40 Big Sean
26%
23 Look At Me Now with Chris Brown/Lil Wayne Busta Rhymes
24%
30 21 Questions ft. 50 Cent Nate Dogg
24%
28 I'm The One with DJ Khaled, Justin Bieber, Quavo & Lil Wayne Chance the Rapper
21%
32 Love Is Only A Feeling Joey Badass
20%
43 Isis ft. Logic Joyner Lucas
18%
46 Man Of The Year Schoolboy Q
13%
42 Face Off ft. Joey Cool, King Iso & Dwayne Johnson Tech N9ne
11%
47 Talk Dirty with Jason Derulo 2 Chainz
10%
45 Boom Royce da 5'9"
2%
No matching quizzes found
Score Distribution
Percent of People with Each Score
Percentile by Number Answered
Your Score History
You have not taken this quiz